Applied polymer light microscopy /
Guardado en:
| Otros Autores: | |
|---|---|
| Formato: | Libro |
| Idioma: | English |
| Publicado: |
London : New York, NY, USA :
Elsevier Applied Science ; Sole distributor in the USA and Canada, Elsevier Science Pub.,
c1989.
|
| Materias: | |
| Etiquetas: |
Agregar Etiqueta
Sin Etiquetas, Sea el primero en etiquetar este registro!
|
| LEADER | 00972cam a22002655a 4500 | ||
|---|---|---|---|
| 001 | EIQ.libpla000937 | ||
| 008 | 890215s1989####enka#####b####001#0#eng#d | ||
| 005 | 20060623180925.0 | ||
| 245 | 0 | 0 | |a Applied polymer light microscopy / |c edited by D.A. Hemsley. |
| 260 | |a London : |b Elsevier Applied Science ; |a New York, NY, USA : |b Sole distributor in the USA and Canada, Elsevier Science Pub., |c c1989. | ||
| 300 | |a xii, 282 p. : |b il. ; |c 23 cm. | ||
| 504 | |a Bibliografía: p. 270-271. | ||
| 500 | |a Incluye índice. | ||
| 020 | |a 1851663355 | ||
| 700 | 1 | |a Hemsley, D. A. |q (Derek A.), |e ed. |4 edt | |
| 082 | 0 | 0 | |a 547.7/046 |2 19 |
| 650 | 4 | |a Polímeros |x Propiedades ópticas. | |
| 650 | 4 | |a Polímeros |x Superficies. | |
| 650 | 4 | |a Polímeros |x Microscopía. | |
| 650 | 0 | |a Polymers |x Optical properties. | |
| 650 | 0 | |a Polymers |x Surfaces. | |
| 650 | 0 | |a Polymers |x Microscopy. | |
| 010 | |a 89001185 | ||
| 040 | |a DLC |c DLC |d AR-BbSID | ||
| 859 | |a AR-BbSID |b BIB. PLAPIQUI |h 547.704 6 |i Ap 58 |p 4266 | ||
